000 00677cam a22002293a 4500
001 19800
003 PGUSA
005 20140828083423.0
008 061113s2006||||xxu|||||s|||||000 | eng d
040 _aPGUSA
_beng
042 _adc
050 4 _aDA
100 1 _aSharpe, Reginald R.
_q(Reginald Robinson),
_d1848-1925
245 1 0 _aLondon and the Kingdom - Volume I
_h[electronic resource] /
_cReginald R. Sharpe
260 _bProject Gutenberg,
_c2006
506 _aPublic domain in the USA.
516 _aElectronic text
653 _aLondon (England) -- History
830 0 _aProject Gutenberg
_v19800
856 4 0 _uhttp://www.gutenberg.org/ebooks/19800
942 _cEB
999 _c249055
_d249055